000
00309nam a22001457a 4500
008
231127b ||||| |||| 00| 0 eng d
020
_a
070057516
041
_a
eng
080
_a
316
082
_a
316BLA
100
_a
24
101
_a
SOCST
245
_a
SOCIAL STATISTICS
_c
BLALOCK.M.H
942
_2
udc
_c
BK
999
_c
60541
_d
60541